Mathematics of Business (Record no. 999)

MARC details
005 - DATE AND TIME OF LATEST TRANSACTION
control field 20250319140704.0
020 ## - INTERNATIONAL STANDARD BOOK NUMBER
International Standard Book Number 13-564047-4
082 ## - DEWEY DECIMAL CLASSIFICATION NUMBER
Classification number 513.93 DIA
100 ## - MAIN ENTRY--PERSONAL NAME
Author name DIAMOND,J.
245 ## - TITLE STATEMENT
Title Mathematics of Business
260 ## - PUBLICATION, DISTRIBUTION, ETC.
Place of publication, distribution, etc. New Jersey,
Name of publisher, distributor, etc. Prentice-Hall,Inc,
Date of publication, distribution, etc. 1970.
300 ## - PHYSICAL DESCRIPTION
Extent viii,373p.:Ill.;figures,table.
Other physical details Index.
Dimensions 23cm.
700 ## - ADDED ENTRY--PERSONAL NAME
Other authors/Editors GERALD,PINTEL.
942 ## - ADDED ENTRY ELEMENTS (KOHA)
Source of classification or shelving scheme Dewey Decimal Classification
Koha item type Books
Holdings
Date last seen Total checkouts Full call number Barcode Cost, replacement price Price effective from Koha item type Lost status Source of classification or shelving scheme Damaged status Not for loan Withdrawn status Home library Current library Shelving location Date acquired Cost, normal purchase price
03/19/2025   513.93 DIA 0000003913 30000.00 03/19/2025 Books   Dewey Decimal Classification       College of Business Education Main Library College of Business Education Main Library General Collection 03/19/2025 10000.00
03/19/2025   513.93 DIA 0000003914 30000.00 03/19/2025 Books   Dewey Decimal Classification       College of Business Education Main Library College of Business Education Main Library General Collection 03/19/2025 10000.00
03/19/2025   513.93 DIA 0000003915 30000.00 03/19/2025 Books   Dewey Decimal Classification       College of Business Education Main Library College of Business Education Main Library General Collection 03/19/2025 10000.00
03/19/2025   513.93 DIA 0000003916 30000.00 03/19/2025 Books   Dewey Decimal Classification       College of Business Education Main Library College of Business Education Main Library General Collection 03/19/2025 10000.00